The world connection / (Record no. 176372)

000 -LEADER
fixed length control field 00834 a2200217 4500
003 - CONTROL NUMBER IDENTIFIER
control field Nust
005 - DATE AND TIME OF LATEST TRANSACTION
control field 20230515111930.0
010 ## - LIBRARY OF CONGRESS CONTROL NUMBER
LC control number 82061969
020 ## - INTERNATIONAL STANDARD BOOK NUMBER
International Standard Book Number 0672220423 (pbk.) :
040 ## - CATALOGING SOURCE
Transcribing agency Nust
082 00 - DEWEY DECIMAL CLASSIFICATION NUMBER
Classification number 001.64404,KNI
100 1# - MAIN ENTRY--PERSONAL NAME
Personal name Knight, Timothy Orr.
9 (RLIN) 112294
245 14 - TITLE STATEMENT
Title The world connection /
Statement of responsibility, etc. Timothy Orr Knight.
250 ## - EDITION STATEMENT
Edition statement 1st ed.
260 ## - PUBLICATION, DISTRIBUTION, ETC.
Place of publication, distribution, etc. Indianapolis, Ind. :
Name of publisher, distributor, etc. H.W. Sams,
Date of publication, distribution, etc. c1983.
300 ## - PHYSICAL DESCRIPTION
Extent 142 p. :
Other physical details ill. ;
Dimensions 22 cm.
505 ## - FORMATTED CONTENTS NOTE
Formatted contents note Computer Communications (Page-11), The World Connection Exposed (Page-19), The Big Guys (Page-33), The Little Guys (Page-56), Naughty, Naughty An Expose (Page-65), A Multitude of Modems (Page-75), Be a SYSOP (Page-98), The Soft Side (Page-108), The World Connected (Page-117).
650 #0 - SUBJECT ADDED ENTRY--TOPICAL TERM
Topical term or geographic name entry element Computer networks.
9 (RLIN) 3677
650 #0 - SUBJECT ADDED ENTRY--TOPICAL TERM
Topical term or geographic name entry element Modems.
9 (RLIN) 55781
942 ## - ADDED ENTRY ELEMENTS (KOHA)
Source of classification or shelving scheme
Koha item type Book
Holdings
Withdrawn status Lost status Source of classification or shelving scheme Damaged status Not for loan Permanent Location Current Location Shelving location Date acquired Full call number Barcode Date last seen Price effective from Koha item type Public note
          Military College of Signals (MCS) Military College of Signals (MCS) General Stacks 12/12/2016 001.64404,KNI MCS1833 12/08/2016 12/12/2016 Book Bank Almirah No.107, Shelf No.1
          Military College of Signals (MCS) Military College of Signals (MCS) General Stacks 12/12/2016 001.64404,KNI MCS1834 12/08/2016 12/12/2016 Book Bank Almirah No.107, Shelf No.1
          Military College of Signals (MCS) Military College of Signals (MCS) General Stacks 12/12/2016 001.64404,KNI MCS1835 12/08/2016 12/12/2016 Book Bank Almirah No.107, Shelf No.1
          Military College of Signals (MCS) Military College of Signals (MCS) General Stacks 12/12/2016 001.64404,KNI MCS1836 12/08/2016 12/12/2016 Book Bank Almirah No.107, Shelf No.1
          Military College of Signals (MCS) Military College of Signals (MCS) General Stacks 12/12/2016 001.64404,KNI MCS6519 12/08/2016 12/12/2016 Book Almirah No.79, Shelf No.1
© 2023 Central Library, National University of Sciences and Technology. All Rights Reserved.